000 01173nam a22003497a 4500
003 CHAP
005 20220817042955.0
008 971013s1996 r 00010 d
010 _a61583
011 _a62555
035 _a66729
040 _cCHAP
090 _aTesis
100 0 0 _aGómez López, Jesús Miguel.
_949782
245 _aComercio internacional de café
260 _aChapingo, Méx. :
_bEl autor,
_c1996
300 _a66 h.
502 _aTesis (Lic. en Comercio Internacional de Productos Agropecuarios) -- UACH. Departamento de Economía Agrícola
590 _aALEPH
_b10
_c20130110
_lUCH01
_h1343
590 _aBATCH-UPD
_b10
_c20130110
_lUCH01
_h0617
590 _aBATCH-UPD
_b10
_c20130410
_lUCH01
_h0259
590 _aBATCH-UPD
_b10
_c20130914
_lUCH01
_h0808
590 _aCONVERSION
_b10
_c20130109
_lUCH01
_h1333
650 1 4 _aCafé
_xAspectos económicos.
_917090
650 1 4 _aCafé
_xMercadeo.
_917169
650 1 4 _aCafé
_xMéxico.
_917176
650 1 4 _aTratado Trilateral de Libre Comercio.
901 _aBK
942 _cFOLL
949 _bBC
_cTES
_d-151951
_eTS1
_h29943
_i66729
_si
949 _bBC
_cTES
_d33724000623880
_eTS2
_fc.2
_h29944
_i66729
_si
999 _c61583
_d61583